TV Actor-Character Mix Quiz Stats

Quiz Updated Jan 8, 2016

Challenge
Share
Tweet
Score 0/30 Timer 04:00
1 Play Today
% Correct
Adam Wayne
91.9%
Kiefer Bauer
91.8%
Benedict Holmes
91.7%
Neil Patrick Stinson
91.3%
Jennifer Green
90.9%
Sarah Michelle Summers
90.7%
David Knight
90.6%
James Soprano
89.3%
Henry Fonzarelli
88.9%
Angela Fletcher
85.9%
Ted Malone
84.2%
Patrick Picard
83.8%
Jim Cooper
82.1%
Alan Pierce
79.5%
Bryan White
79%
% Correct
Ricky Brent
77.8%
Lee Austin
73.9%
Zach Dorian
72.9%
Anna Stackhouse
72.6%
Martin Bartlet
70.3%
Michael C. Morgan
65.2%
Emily Brennan
64.8%
Pamela Parker
64.3%
Emilia Targaryen
63.6%
Jennifer Bristow
62.5%
Richard Dean MacGyver
58%
George Smith
55.8%
Andrew Grimes
47%
Steve Partridge
46.6%
Craig Lister
36.4%

You're not logged in!

Compare scores with friends on all Sporcle quizzes.
Sign Up with Email
OR
Log In

You Might Also Like...

Show Comments

Extras

Top Quizzes Today


Score Distribution

Your Account Isn't Verified!

In order to create a playlist on Sporcle, you need to verify the email address you used during registration. Go to your Sporcle Settings to finish the process.